Panorama del ensayo en el Ecuador / (Record no. 195636)

MARC details
000 -LEADER
campo de control de longitud fija 01108nam a2200289 i 4500
001 - NÚMERO DE CONTROL
campo de control 195636
003 - IDENTIFICADOR DE NÚMERO DE CONTROL
campo de control ES-MaACL
005 - FECHA Y HORA DE LA ÚLTIMA TRANSACCIÓN
campo de control 20250323063049.0
008 - DATOS DE LONGITUD FIJA--INFORMACIÓN GENERAL
campo de control de longitud fija 191015b2019 sp ||||| |||| 00| 0 spa d
040 ## - FUENTE DE CATALOGACIÓN
Lengua de catalogación spa
Centro/agencia transcriptor ES-MaACL
100 ## - ENTRADA PRINCIPAL--NOMBRE DE PERSONA
Nombre de persona Pesántez Rodas, Rodrigo
9 (RLIN) 237617
Término indicativo de función/relación Autor
245 ## - MENCIÓN DEL TÍTULO
Título Panorama del ensayo en el Ecuador /
Mención de responsabilidad, etc. estudio de Rodrigo Pesántez Rodas.
260 ## - PUBLICACIÓN, DISTRIBUCIÓN, ETC.
Lugar de publicación, distribución, etc. Moalde :
Nombre del editor, distribuidor, etc. Textos Hispanoamericanos,
Fecha de publicación, distribución, etc. 2019.
300 ## - DESCRIPCIÓN FÍSICA
Extensión 183 páginas
Dimensiones 24 cm
336 ## - TIPO DE CONTENIDO
Fuente rdacontent
Término de tipo de contenido texto
337 ## - TIPO DE MEDIO
Fuente rdamedia
Nombre/término del tipo de medio sin mediación
338 ## - TIPO DE SOPORTE
Fuente rdacarrier
Nombre/término del tipo de soporte volumen
600 04 - PUNTO DE ACCESO ADICIONAL DE MATERIA--NOMBRE DE PERSONA
9 (RLIN) 115140
Nombre de persona Villarroel, Gaspar de
600 04 - PUNTO DE ACCESO ADICIONAL DE MATERIA--NOMBRE DE PERSONA
Nombre de persona Espejo, Eugenio
9 (RLIN) 239870
852 ## - LOCALIZACIÓN
Ubicación ES-MaACL
Sublocalización o colección R.152794
Ubicación en estantería Depósito J
Número de control de estantería N-8975
Donativo/Legado Donación: José J. Labrador Herraiz
Encuadernación Encuadernación rústica con solapas
itemnumber 204844
903 ## - NOMBRE PERSONAL DE DONANTE
9 69288
a Labrador Herraiz, José J.
e Donante
942 ## - ELEMENTOS DE ENTRADA SECUNDARIOS (KOHA)
Tipo de ítem Koha Libro impreso
Suprimir en OPAC No
Holdings
Estatus retirado Estado de pérdida Fuente del sistema de clasificación o colocación Estado de daño No para préstamo Biblioteca de origen Biblioteca actual Ubicación en estantería Fecha de adquisición Fuente de adquisición Total de préstamos Signatura topográfica completa Código de barras Visto por última vez Precio de reemplazo Tipo de ítem Koha
    Clasificación decimal universal     Biblioteca del Ateneo de Madrid Biblioteca del Ateneo de Madrid Depósito J 21/03/2025 Donación   N-8975 101229692 21/03/2025 21/03/2025 Libro impreso